| 000 | 00680cab a2200229 4500 | ||
|---|---|---|---|
| 001 | WB3144-62 | ||
| 008 | 090401t1995 xxu||||| |||| 00| 0 eng d | ||
| 035 | _a(Sirsi) u35536 | ||
| 041 | _aeng | ||
| 245 | _aLand values back at pre-slump peak | ||
| 260 | _c1995 | ||
| 350 | _a0 | ||
| 490 |
_aHerald _v16 November 1995, 27 |
||
| 490 |
_aWestern Morning News _v15 November 1995, 11(1) |
||
| 520 | _aAccording to Knight Frank and Rutley, the value of farmland has risen by 50% since the 1992-93 slump, bringing it back to peak levels. | ||
| 650 | _aFARMLAND | ||
| 650 | _aLAND VALUES | ||
| 650 | _aSLUMP | ||
| 690 | _aRURAL PRACTICE | ||
| 942 | _n0 | ||
| 948 | _c04/03/1997 | ||
| 999 |
_c23257 _d23257 |
||